000 005020000a22001930004500
999 _c48989
_d48989
001 1835
003 CO-MdFUSB
005 20171120183754.0
008 171120b xxu||||| |||| 00| 0 eng d
020 _a950-511-636-5
040 _cCO-MdBIC
082 0 4 _a861P W168r
100 1 _aWalsh, María Elena
245 1 0 _aEl reino del revés / María Elena Walsh ; ilustraciones Nora Hilb
260 _aBuenos Aires : Alfaguara
300 _a90 P.
650 1 4 _aVersos y poesía \ Poemas
942 _cLGB